000 00691nam a2200265Ia 4500
005 20260302115700.0
008 008 260114s9999 xx 000 0 eng d
020 _a9781350074446
037 _aTextbook
040 _aCRL
040 _beng
040 _cCRL
041 _2eng
041 _aeng
084 _qCRL
100 _aAvi I. Mintz
_91063564
245 2 _aA History of Western Philosophy of Education in Antiquity
260 _bBloomsbury
260 _bBloomsbury Academic
260 _c2021
650 _aEducation
856 _uhttps://doi.org/10.5040/9781350074446?locatt=label:secondary_bloomsburyCollections
942 _cEBOOK
999 _c1687105
_d1687105